[Cinéma] Combien de films composent cette saga ? (2) - Statistiques

Statistiques générales
  • Ce quiz a été pris 611 fois
    386 depuis la dernière actualisation
  • Le résultat moyen est 9 sur 10
Statistiques - réponses
Hint Réponse % Correct
Brice de Nice 2
99%
Harry Potter 8
99%
La Nuit au musée 3
97%
Jurassic Park 6
96%
Evil Dead 4
93%
La Coccinelle 5
92%
Le Flic de Beverly Hills 4
91%
A Moment of Romance 3
88%
Inspecteur Harry 5
87%
La Panthère Rose 9
86%
Aucun quiz correspondant
Distribution des résultats
% des personnes avec chaque résultat
Percentile par nombre de réponses
Votre historique - résultats
Vous n’avez pas pris ce quiz depuis la dernière actualisation